| 000 | 00392nam a22001337a 4500 | ||
|---|---|---|---|
| 020 | _a0-7131-3615-4 | ||
| 082 | _a005.133-P BU | ||
| 100 |
_aBUNDAY, BRAIN.D,GARSIDE, GERALD.R _974240 |
||
| 245 | _aOPTIMISATION METHODS IN PASCAL | ||
| 260 |
_aLONDON _bESWARD ARNOL _c1987 |
||
| 300 | _a158P | ||
| 650 |
_aMATHEMATICAL OPTIMIZATION-DATA PROCESSING PASCAL-COMPUTER PROGRAM _974241 |
||
| 942 | _cBK | ||
| 999 |
_c579798 _d579798 |
||